الصراع على المياه فى الشرق الأوسط: (Record no. 13826)
[ view plain ]
| 000 -الفاتح | |
|---|---|
| حقل البيانات ثابتة الطول | 01089nam a22002057a 4500 |
| 008 - عناصر البيانات ثابتة الطول - معلومات عامة | |
| حقل البيانات ثابتة الطول | 100329s2005 jo|||||r|||| 000 0 ara d |
| 082 ## - رقم تصنيف ديوى العشرى | |
| رقم الطبعة | 22 |
| رقم التصنيف | 333.910956 |
| رقم المادة | ع ض ا |
| 100 ## - المدخل الرئيسى - إسم شخصى | |
| 9 (RLIN) | 13288 |
| الإسم الشخصى | العضايلة، محمد عادل |
| 245 ## - بيان العنوان | |
| العنوان | الصراع على المياه فى الشرق الأوسط: |
| بقية العنوان | الحرب والسلام / |
| بيان المسئوليه,etc | تأليف عادل محمد العضايلة |
| 260 ## - PUBLICATION, DISTRIBUTION, ETC. (IMPRINT) | |
| مكان الناشر او الموزع | عمان : |
| اسم الناشر او الموزع | دار الشروق ، 2005 |
| تاريخ النشر أو التوزيع | 2005 |
| 300 ## - الوصف المادى | |
| التعداد | 407 ص : |
| تفاصيل ماديه اخرى للوعاء | خرائط; |
| أبعاد الوعاء | 24 سم |
| 500 ## - تبصرة عامة | |
| تبصرة عامة | يشتمل على جداول |
| 504 ## - تبصرة ببليوجرافية | |
| تبصرة ببليوجرافية,الخ | يحتوي على ببليوجرافية ص397-407 |
| 650 ## - المدخل الاضافى بالموضوع-مصطلح موضوعى | |
| 9 (RLIN) | 13289 |
| مصطلح موضوعي أو اسم جغرافي كعنصر مدخل | النزاع العربي الإسرائيلي |
| التقسيم الفرعي الجغرافي | الأردن |
| 650 ## - المدخل الاضافى بالموضوع-مصطلح موضوعى | |
| 9 (RLIN) | 13290 |
| مصطلح موضوعي أو اسم جغرافي كعنصر مدخل | النزاع العربي الإسرائيلي |
| التقسيم الفرعي الجغرافي | مصر |
| 650 ## - المدخل الاضافى بالموضوع-مصطلح موضوعى | |
| 9 (RLIN) | 13291 |
| مصطلح موضوعي أو اسم جغرافي كعنصر مدخل | استهلاك المياه |
| 650 ## - المدخل الاضافى بالموضوع-مصطلح موضوعى | |
| 9 (RLIN) | 13292 |
| مصطلح موضوعي أو اسم جغرافي كعنصر مدخل | المياه |
| التقسيم الفرعي الشكلي | قوانين وتشريعات |
| 942 ## - عناصر المدخل الإضافي( كوها) | |
| مصدر التصنيف او مخطط الترفيف | Dewey Decimal Classification |
| Koha [default] item type | Book - Borrowing |
| حالة التراجع | حالة الفقد | مصدر التصنيف او خطة الترفيف | حالة تلف | ليس للاعارة | مجموعات كوها | المكان الدائم | المكان الحالي | موقع الترفيف | تاريخ الاكتساب | Source of acquisition | سعر الشراء الطبيعي | تعداد مسلسل / التسلسل الزمني | رقم الاستدعاء | الباركود | Date last seen | نوع الوعاء |
|---|---|---|---|---|---|---|---|---|---|---|---|---|---|---|---|---|
| Dewey Decimal Classification | Central Library | Central Library | First floor | 29/03/2010 | 82.50 | 52 | 333.910956 الع | 000020543 | 15/07/2025 | Book - Borrowing |